000 00837nam a2200241 c 4500
003 BLK
005 20190913121308.0
008 180911b bul|||||r ||||||| ||bul||
010 _a004092
040 _aBLK
041 _aFRE
080 _z949.72
100 1 _a
_eпърви автор
245 1 0 _aADRESSE-Plebiscite des originaires de Pirot habitant en Bulgarie a monsieur le president Wilson et aux gouvernements anglais, francais, tcheque, croite, polonais, etc.
246 _bADRESSE-Plebiscite
260 _aSofia
_c1919
_fImpr. d`Etat
300 _a59 с., 1 л
_bк.
_c31 см
380 _a9
490 _aЧастна колекция - Академик Михаил Арнаудов
_gДарение - Основен фонд
655 _aбългарска история
852 _aМА 2977
942 _cKNG
_n0
944 _aCR
_c1994
999 _c344427
_d344427